000 005910000a22001810004500
090 _aAR
_b04054
245 1 0 _aBeitrage zur schmetterlings-fauna von Surinam
500 _a<Colección Recursos Genéticos>
650 1 4 _aEntomología
_94483
650 1 4 _aMariposas
_993025
650 1 4 _aSistemática animal
_992968
650 1 4 _aListas de especies
_928152
651 4 _pSurinam
_992749
041 0 _aFrancés
100 1 _aMoshler, H. B.
_997896
942 _cARTICULO
773 1 _tVerhandlungen der kaiserlich - koniglichen zoologisch botanischen gesellschaft in Wien
_h3-4
_q293-352
_d1876
_g26
999 _c13087
_d13087